| 000 | 00380nam a2200145Ia 4500 | ||
|---|---|---|---|
| 008 | 230917s9999||||xx |||||||||||||| ||und|| | ||
| 040 |
_e135446 _aMAIN |
||
| 041 | _aEnglish | ||
| 082 | _a352.054 S71P | ||
| 100 | _aSeshadri, K. | ||
| 245 | 0 | _aPolitical linkages and rural development | |
| 260 |
_aNew Delhi _bNational Publishing House _c1976 |
||
| 300 | _a233p p. | ||
| 942 | _cBK | ||
| 999 |
_c170820 _d170820 |
||